[Event "Olomouc op"]
[Site "Olomouc"]
[Date "2012.08.07"]
[Round "7"]
[White "Woellermann, Jan"]
[Black "Garcia Roman, Daniel"]
[Result "0-1"]
[WhiteElo "2124"]
[BlackElo "2386"]
[PlyCount "94"]
[EventDate "2012.08.02"]
[EventType "swiss"]
[EventRounds "9"]
[EventCountry "CZE"]
[SourceTitle "CBM 149 Extra"]
[Source "ChessBase"]
[SourceDate "2012.08.24"]
[SourceVersion "1"]
[SourceVersionDate "2012.08.24"]
[SourceQuality "1"]

1. d4 Nf6 2. c4 e6 3. g3 Bb4+ 4. Bd2 c5 5. Bxb4 cxb4 6. Bg2 0-0 7. e4 d6 8. Ne2 e5 9. 0-0 Nc6 10. a3 bxa3 11. Nxa3 a6 12. Qd3 Qb6 13. Nc2 Bg4 14. f3 Be6 15. b3 a5 16. Kh1 Nb4 17. Qd2 Nxc2 18. Qxc2 exd4 19. Qd3 Nd7 20. Nxd4 Nc5 21. Qc3 Qb4 22. Qxb4 axb4 23. Rab1 Ra2 24. Rfd1 Rfa8 25. Kg1 g5 26. h3 h5 27. f4 gxf4 28. gxf4 Kh8 29. Kh1 Rg8 30. Rg1 Rg3 31. Bf1 Nxe4 32. f5 h4 33. Rxg3 Nxg3+ 34. Kg1 Bxf5 35. Nxf5 Nxf5 36. Bg2 b6 37. Bd5 Nd4 38. Re1 Ne2+ 39. Kf2 Nf4+ 40. Kf3 Nxd5 41. cxd5 Rd2 42. Re4 Rd3+ 43. Kg4 Rxb3 44. Kxh4 Kg7 45. Kg4 b5 46. h4 Rc3 47. Kg5 Rc4 0-1

[Event "Olomouc op"]
[Site "Olomouc"]
[Date "2012.08.04"]
[Round "3"]
[White "Bilguun, Sumiya"]
[Black "Garcia Roman, Daniel"]
[Result "1/2-1/2"]
[WhiteElo "2177"]
[BlackElo "2386"]
[PlyCount "100"]
[EventDate "2012.08.02"]
[EventType "swiss"]
[EventRounds "9"]
[EventCountry "CZE"]
[SourceTitle "CBM 149 Extra"]
[Source "ChessBase"]
[SourceDate "2012.08.24"]
[SourceVersion "1"]
[SourceVersionDate "2012.08.24"]
[SourceQuality "1"]

1. e4 e6 2. d4 d5 3. Nd2 a6 4. Ngf3 Nf6 5. e5 Nfd7 6. Bd3 c5 7. c3 Nc6 8. 0-0 g5 9. dxc5 g4 10. Nd4 Ndxe5 11. Nxc6 bxc6 12. Nb3 Nxd3 13. Qxd3 e5 14. Re1 Bg7 15. Bf4 f6 16. Qd2 0-0 17. Bh6 Bxh6 18. Qxh6 Rb8 19. f4 gxf3 20. gxf3 Rf7 21. Kh1 Qf8 22. Rg1+ Kh8 23. Qh4 Bf5 24. Rg3 Rg7 25. Rxg7 Qxg7 26. Rg1 Qf7 27. Qa4 Bg6 28. Qxc6 e4 29. Qd6 Re8 30. Nd4 exf3 31. Nxf3 Be4 32. Qf4 Qe6 33. Rg3 Qc6 34. Qd6 Qxd6 35. cxd6 Rd8 36. Kg1 Rxd6 37. Nd4 f5 38. Kf2 Rh6 39. Kg1 f4 40. Rg4 Rf6 41. Kf2 a5 42. Ne2 Rb6 43. b3 Bb1 44. Rxf4 Bxa2 45. Ra4 Bxb3 46. Rxa5 Rf6+ 47. Kg3 Rg6+ 48. Kf2 Rf6+ 49. Kg3 Rc6 50. Kf2 Rf6+ 1/2-1/2